000 01095nam a22003377a 4500
003 CHAP
005 20220817042222.0
008 971013s1967 r 00010 d
010 _a37841
011 _a38813
035 _a42933
040 _cCHAP
082 _a634.90983
_bF36
110 _aFAO
245 _aInstituto para el Desarrollo de los Recursos e Industrias Forestales, Chile
260 _aRoma :
_bFAO,
_c1967
300 _a144 p.
_b: ilus. ; mapas
490 _aFAO/SF:15/CHI
590 _aBATCH-UPD
_b10
_c20130110
_lUCH01
_h1618
590 _aBATCH-UPD
_b10
_c20130410
_lUCH01
_h1012
590 _aBATCH-UPD
_b10
_c20130914
_lUCH01
_h0712
590 _aCONVERSION
_b10
_c20130109
_lUCH01
_h1321
650 1 4 _aBosques
_xInventarios
_xChile.
_914248
650 1 4 _aBosques
_xInvestigación.
_914282
650 1 4 _aRecursos forestales
_xChile.
_995040
710 0 _aPrograma de las Naciones Unidas para el Desarrollo (Fondo Especial)
_992306
830 0 _aFAO/SF:15/CHI
_939734
901 _aBK
942 _cLIBRO
949 _a634.90983 F36
_bBC
_cFAO
_d-98640
_eFAO1
_h12371
_i42933
_mD
_si
999 _c37841
_d37841